[Event "FIDE World Cup"]
[White "Bachmann,Axel"]
[Black "Fedoseev,Vladimir1"]
[Site "Krasnaya Polyana"]
[Round "2.2"]
[Annotator ""]
[Result "0-1"]
[Date "2021.07.16"]
[WhiteElo "2599"]
[BlackElo "2696"]
[PlyCount "72"]

1. c4 e5 2. g3 Nf6 3. Bg2 c6 4. Nf3 e4 5. Nd4 d5 6. d3 Bb4+ 7. Nc3 O-O 8. O-O Re8 9. cxd5 cxd5 10. Bg5 Bxc3 11. bxc3 h6 12. Bxf6 Qxf6 13. Qb3 Qe5 14. f4 Qd6 15. Rfd1 Nd7 16. dxe4 dxe4 17. Qb4 Qc5 18. a4 a6 19. a5 Qh5 20. Rf1 Nf6 21. f5 Qg5 22. Kh1 Qe3 23. Rac1 h5 24. Qb6 Rb8 25. Qc7 Bd7 26. h3 Rbc8 27. Qxb7 Qxg3 28. c4 Qe5 29. Rfd1 Ba4 30. Rd2 Rb8 31. Qxa6 Qf4 32. Rcd1 e3 33. Rd3 Bxd1 34. Rxd1 Rbd8 35. Qb6 Rd6 36. Qa7 Ne4 0-1

[Event "FIDE World Cup"]
[White "Fedoseev,Vladimir1"]
[Black "Bachmann,Axel"]
[Site "Krasnaya Polyana"]
[Round "2.1"]
[Annotator ""]
[Result "1-0"]
[Date "2021.07.15"]
[WhiteElo "2696"]
[BlackElo "2599"]
[PlyCount "61"]

1. e4 e5 2. Nf3 Nf6 3. Nxe5 d6 4. Nf3 Nxe4 5. Bd3 Nf6 6. O-O Be7 7. Re1 O-O 8. Bf1 d5 9. d4 Bf5 10. c4 Nc6 11. Nc3 Bg4 12. cxd5 Nb4 13. Bc4 Bxf3 14. gxf3 Re8 15. Qb3 Qd7 16. Bf4 a5 17. Bb5 c6 18. dxc6 bxc6 19. Bc4 Nfd5 20. Bg3 Qa7 21. Bxd5 cxd5 22. Nb5 Qd7 23. Nc7 a4 24. Qd1 Rec8 25. Nxa8 Rxa8 26. Rc1 Bf8 27. Rc7 Qf5 28. a3 Nd3 29. Qc2 Rb8 30. Rc3 Rb3 31. Rd1 1-0

[Event "FIDE World Cup"]
[White "Shubin,Kirill"]
[Black "Bachmann,Axel"]
[Site "Krasnaya Polyana"]
[Round "1.2"]
[Annotator ""]
[Result "1/2-1/2"]
[Date "2021.07.13"]
[WhiteElo "2486"]
[BlackElo "2599"]
[PlyCount "64"]

1. e4 e5 2. Nf3 Nf6 3. Nxe5 d6 4. Nf3 Nxe4 5. Nc3 Nf6 6. d4 d5 7. Bd3 Be7 8. h3 O-O 9. O-O Re8 10. Re1 Nbd7 11. Ne5 c6 12. Qf3 Nxe5 13. dxe5 Nd7 14. Bd2 Nc5 15. Ne2 Nxd3 16. cxd3 f6 17. d4 Rf8 18. Nf4 fxe5 19. dxe5 Bf5 20. Qb3 Qb6 21. Qxb6 axb6 22. Be3 g5 23. Ne2 c5 24. f4 d4 25. Bd2 gxf4 26. Nxf4 Bg5 27. Rf1 Rae8 28. Rae1 Bh4 29. Re2 Bd7 30. g3 Bg5 31. h4 Bxf4 32. gxf4 Bf5 1/2-1/2

[Event "FIDE World Cup"]
[White "Bachmann,Axel"]
[Black "Shubin,Kirill"]
[Site "Krasnaya Polyana"]
[Round "1.1"]
[Annotator ""]
[Result "1-0"]
[Date "2021.07.12"]
[WhiteElo "2599"]
[BlackElo "2486"]
[PlyCount "65"]

1. Nf3 Nf6 2. c4 b6 3. d4 e6 4. a3 Bb7 5. Nc3 Ne4 6. Nxe4 Bxe4 7. Nd2 Bb7 8. e4 g6 9. Bd3 Bg7 10. Nf3 O-O 11. O-O d6 12. Bg5 Qd7 13. Qd2 Nc6 14. d5 exd5 15. cxd5 Na5 16. Rab1 Nb3 17. Qd1 Nc5 18. Bc2 f5 19. exf5 Rxf5 20. Bxf5 Qxf5 21. Be3 Bxd5 22. b4 Ne4 23. Bd4 Bh6 24. b5 Rf8 25. Ba1 Qh5 26. Rb4 Rf4 27. Be5 Nc3 28. Bxc3 Bxf3 29. gxf3 Rxb4 30. axb4 Bf4 31. h4 Qxh4 32. Qd5+ Kf8 33. Re1 1-0

[Event "Leon Blitz op 34th"]
[White "Bachmann,Axel"]
[Black "Demchenko,Anton"]
[Site "Chess.com INT"]
[Round "12"]
[Annotator ""]
[Result "1-0"]
[Date "2021.07.07"]
[WhiteElo "2599"]
[BlackElo "2600"]
[PlyCount "117"]

1. e4 e5 2. Nf3 Nc6 3. Bb5 g6 4. d4 exd4 5. Bg5 Be7 6. Bxe7 Qxe7 7. Bxc6 dxc6 8. Qxd4 Nf6 9. Nc3 Bg4 10. Nd2 b6 11. f3 Bd7 12. O-O-O O-O-O 13. Qc4 Kb8 14. Nb3 c5 15. Rhe1 Bc8 16. a4 Nd7 17. f4 Bb7 18. g3 g5 19. e5 gxf4 20. gxf4 f5 21. Kb1 Rhe8 22. Nd5 Qe6 23. Ne3 Qxc4 24. Nxc4 Nf8 25. Rxd8+ Rxd8 26. Ne3 Bc8 27. Nc1 Rd4 28. Ne2 Re4 29. Nd5 Ba6 30. Ndc3 Re3 31. Rg1 Ng6 32. Rg2 Kc8 33. Kc1 Bb7 34. Rg5 Rh3 35. Rxf5 Rxh2 36. e6 Bf3 37. Rf8+ Kb7 38. f5 Ne5 39. e7 Bc6 40. e8=Q Bxe8 41. Rxe8 Rh1+ 42. Nd1 Ng4 43. Kd2 Rf1 44. Rf8 Rf3 45. Nec3 h5 46. Ne4 h4 47. Rg8 Rf4 48. f6 Ne5 49. Ndf2 h3 50. Rh8 h2 51. Ke3 Rf3+ 52. Ke2 Rf4 53. Rxh2 Nd7 54. Rh6 c4 55. Ke3 Rf5 56. Rg6 Ne5 57. Rg5 Rf3+ 58. Ke2 c3 59. bxc3 1-0

[Event "Leon Blitz op 34th"]
[White "Bachmann,Axel"]
[Black "Gallegos,Carlos"]
[Site "Chess.com INT"]
[Round "1"]
[Annotator ""]
[Result "1-0"]
[Date "2021.07.07"]
[WhiteElo "2599"]
[BlackElo "2374"]
[PlyCount "65"]

1. d4 d6 2. e4 Nf6 3. Nc3 c6 4. Bd3 e5 5. Nge2 Be7 6. O-O O-O 7. a4 Nbd7 8. f4 Qc7 9. Kh1 Re8 10. h3 Bf8 11. Be3 b6 12. Ng3 Bb7 13. Qf3 exd4 14. Bxd4 c5 15. Bg1 g6 16. Bc4 Bg7 17. Rad1 a6 18. Qd3 h5 19. e5 dxe5 20. Qxg6 Nf8 21. Qg5 e4 22. Nf5 Ne6 23. Bxe6 fxe6 24. Nd6 Re7 25. f5 e5 26. Rfe1 Rd8 27. Ndxe4 Nxe4 28. Rxd8+ Qxd8 29. Nxe4 Bxe4 30. Rxe4 Rd7 31. Qxh5 Rd1 32. f6 Qxf6 33. Qxd1 1-0

[Event "Leon Blitz op 34th"]
[White "Bachmann,Axel"]
[Black "Henderson de la Fuente,Lance"]
[Site "Chess.com INT"]
[Round "10"]
[Annotator ""]
[Result "1-0"]
[Date "2021.07.07"]
[WhiteElo "2599"]
[BlackElo "2491"]
[PlyCount "49"]

1. e4 c5 2. Nc3 e6 3. Nf3 a6 4. g3 d6 5. Bg2 Nf6 6. d3 Nc6 7. Ng5 h6 8. Nh3 Be7 9. O-O O-O 10. f4 d5 11. e5 Nd7 12. g4 b5 13. g5 hxg5 14. Qh5 Nd4 15. Nxg5 Bxg5 16. fxg5 Nxe5 17. Rf2 Ng6 18. Be3 Bb7 19. Raf1 e5 20. Bxd4 cxd4 21. Rf3 Nf4 22. Rxf4 exf4 23. Rxf4 Qe7 24. Ne4 f5 25. g6 1-0

[Event "Leon Blitz op 34th"]
[White "Bachmann,Axel"]
[Black "Kamsky,Gata"]
[Site "Chess.com INT"]
[Round "3"]
[Annotator ""]
[Result "1/2-1/2"]
[Date "2021.07.07"]
[WhiteElo "2599"]
[BlackElo "2658"]
[PlyCount "56"]

1. d4 d5 2. c4 c6 3. Nf3 Nf6 4. e3 g6 5. b3 Bg7 6. Bd3 O-O 7. O-O a5 8. Nc3 Bg4 9. h3 Bxf3 10. Qxf3 e6 11. Ba3 Re8 12. Rad1 Nbd7 13. Rfe1 Qb8 14. e4 dxe4 15. Nxe4 Nxe4 16. Bxe4 a4 17. Bb4 axb3 18. axb3 Nf6 19. Bc2 Qc7 20. Bc3 Nd7 21. h4 h5 22. g3 Qd6 23. Re2 Nf6 24. Red2 Ng4 25. Kg2 Rad8 26. Bb1 Qe7 27. Bc2 Qd6 28. Bb1 Qe7 1/2-1/2

[Event "Leon Blitz op 34th"]
[White "Bachmann,Axel"]
[Black "Maly,Alexey"]
[Site "Chess.com INT"]
[Round "6"]
[Annotator ""]
[Result "0-1"]
[Date "2021.07.07"]
[WhiteElo "2599"]
[BlackElo "2370"]
[PlyCount "70"]

1. e4 e5 2. Nf3 d6 3. Nc3 Nf6 4. d4 exd4 5. Nxd4 Be7 6. Bd3 O-O 7. O-O Re8 8. h3 c6 9. f4 b5 10. a3 Bf8 11. Qf3 a6 12. Kh1 Ra7 13. e5 dxe5 14. fxe5 Rxe5 15. Bf4 Qxd4 16. Rad1 Qc5 17. b4 Qe7 18. Bxe5 Qxe5 19. Rde1 Qd6 20. Ne4 Nxe4 21. Qxe4 g6 22. Qe8 Be6 23. Rxe6 fxe6 24. c4 bxc4 25. Bxc4 Kg7 26. Bxe6 Be7 27. Qf7+ Kh6 28. h4 Rc7 29. Bc4 Bxh4 30. Qg8 Bg5 31. Qxb8 Qe7 32. Rf7 Qe1+ 33. Kh2 Qh4+ 34. Kg1 Rxf7 35. Bxf7 Be3+ 0-1

[Event "Leon Blitz op 34th"]
[White "Bachmann,Axel"]
[Black "Martinez Alcantara,Jose Eduardo"]
[Site "Chess.com INT"]
[Round "4"]
[Annotator ""]
[Result "1-0"]
[Date "2021.07.07"]
[WhiteElo "2599"]
[BlackElo "2620"]
[PlyCount "127"]

1. e4 c5 2. Nf3 d6 3. d4 cxd4 4. Nxd4 Nf6 5. Nc3 a6 6. h3 e5 7. Nde2 h5 8. Bg5 Be6 9. Ng3 Nbd7 10. Be2 g6 11. Qd2 Rc8 12. h4 Be7 13. Nf1 Qb6 14. O-O-O O-O 15. f3 Qa5 16. Ne3 Bxa2 17. Ncd5 Qxd2+ 18. Rxd2 Bxd5 19. Nxd5 Nxd5 20. Rxd5 f6 21. Be3 Rc7 22. g4 f5 23. exf5 gxf5 24. g5 f4 25. Bf2 Rfc8 26. c3 Nf8 27. Kb1 Kf7 28. Bd3 Ng6 29. Bf5 Rb8 30. Rhd1 Rc6 31. Be4 Bf8 32. R5d3 Rd8 33. c4 Rdc8 34. Rb3 R8c7 35. Rxb7 Rxc4 36. Bd5+ Kg7 37. Bxc4 Rxb7 38. Bxa6 Rb8 39. Bc4 Be7 40. Bd5 Bd8 41. Be4 Bb6 42. Rxd6 Bxf2 43. Rxg6+ Kf7 44. Rh6 Bd4 45. Bd5+ Kg7 46. b3 Rd8 47. Be4 Rb8 48. Rh7+ Kg8 49. Kc2 Rc8+ 50. Kd1 Be3 51. Rxh5 Rd8+ 52. Kc2 Rc8+ 53. Kb1 Rc1+ 54. Kb2 Rh1 55. g6 Bd4+ 56. Kc2 Rh2+ 57. Kd3 Be3 58. Rh7 Rd2+ 59. Kc4 Rd4+ 60. Kb5 Rd6 61. b4 Bd2 62. h5 Rd4 63. Kc6 Bxb4 64. Bd5+ 1-0

[Event "Leon Blitz op 34th"]
[White "Bachmann,Axel"]
[Black "Nefedov,Sergey Anatolievich"]
[Site "Chess.com INT"]
[Round "9"]
[Annotator ""]
[Result "1-0"]
[Date "2021.07.07"]
[WhiteElo "2599"]
[BlackElo "2313"]
[PlyCount "47"]

1. e4 d5 2. exd5 Qxd5 3. Nc3 Qd8 4. Bc4 Nf6 5. d4 c6 6. Nf3 Bf5 7. Ne5 e6 8. g4 Be4 9. Nxe4 Nxe4 10. Qf3 Nd6 11. Bb3 Nd7 12. Bf4 Be7 13. O-O-O Nf6 14. g5 Nd5 15. h4 Nxf4 16. Qxf4 Nf5 17. Nxf7 Kxf7 18. Qxf5+ Ke8 19. Bxe6 Qd6 20. Rhe1 Kd8 21. Kb1 Kc7 22. Qf7 Rhg8 23. Bb3 Kd7 24. d5 1-0

[Event "Leon Blitz op 34th"]
[White "Bachmann,Axel"]
[Black "Pham,Le Thao Nguyen"]
[Site "Chess.com INT"]
[Round "7"]
[Annotator ""]
[Result "1-0"]
[Date "2021.07.07"]
[WhiteElo "2599"]
[BlackElo "2369"]
[PlyCount "63"]

1. e4 Nf6 2. e5 Nd5 3. Nc3 e6 4. Nxd5 exd5 5. d4 d6 6. Nf3 Bg4 7. Be2 Nd7 8. O-O Be7 9. Bf4 dxe5 10. Nxe5 Bxe2 11. Qxe2 O-O 12. Rfe1 Nxe5 13. Bxe5 Bd6 14. Qb5 Bxe5 15. Rxe5 Qc8 16. Qxd5 c6 17. Qe4 Qc7 18. Re7 Qb6 19. b3 Rad8 20. c3 g6 21. h4 Qa5 22. b4 Qb5 23. a4 Qc4 24. Qe3 Rb8 25. h5 Qd5 26. h6 a5 27. c4 Qh5 28. bxa5 Qxa5 29. c5 Qd8 30. Rb1 Ra8 31. Qe5 f6 32. Rbxb7 1-0

[Event "Leon Blitz op 34th"]
[White "Bachmann,Axel"]
[Black "Svane,Rasmus"]
[Site "Chess.com INT"]
[Round "14"]
[Annotator ""]
[Result "1/2-1/2"]
[Date "2021.07.07"]
[WhiteElo "2599"]
[BlackElo "2615"]
[PlyCount "110"]

1. e4 c6 2. d3 d5 3. Nd2 e5 4. Ngf3 Bd6 5. g3 Nf6 6. Bg2 O-O 7. O-O Re8 8. Re1 Nbd7 9. c3 Nf8 10. a4 a5 11. d4 dxe4 12. Nxe5 Bf5 13. Ndc4 Bc7 14. Qb3 Re7 15. h3 Rb8 16. Bg5 Be6 17. Qc2 h6 18. Bf4 Bd5 19. Ne3 Ne6 20. Nxd5 cxd5 21. Be3 Rc8 22. Qe2 Bxe5 23. dxe5 Nd7 24. Rad1 Nc7 25. c4 Nxe5 26. cxd5 Nd3 27. Rf1 Qxd5 28. Bxh6 Qf5 29. Rxd3 exd3 30. Qxe7 gxh6 31. Be4 Qe6 32. Qxe6 Nxe6 33. Bxd3 Rd8 34. Bb5 Rd2 35. b3 Nd4 36. Bc4 Nf3+ 37. Kg2 Ne5 38. Rc1 Nxc4 39. Rxc4 Rd3 40. b4 axb4 41. Rxb4 Ra3 42. h4 Kg7 43. h5 Kf6 44. Kh3 Ra2 45. f4 Ra3 46. Kg4 Kg7 47. Kf5 Rxg3 48. Rxb7 Rh3 49. Kg4 Ra3 50. Ra7 Ra1 51. Ra6 Rg1+ 52. Kf5 Rh1 53. Kg4 Rg1+ 54. Kf5 Rh1 55. Kg4 Rg1+ 1/2-1/2

[Event "Leon Blitz op 34th"]
[White "Bluebaum,Matthias"]
[Black "Bachmann,Axel"]
[Site "Chess.com INT"]
[Round "13"]
[Annotator ""]
[Result "1-0"]
[Date "2021.07.07"]
[WhiteElo "2669"]
[BlackElo "2599"]
[PlyCount "101"]

1. d4 Nf6 2. c4 e6 3. Nc3 Bb4 4. e3 O-O 5. Bd2 b6 6. Bd3 Bb7 7. Nf3 c5 8. a3 Bxc3 9. Bxc3 d6 10. b4 Nbd7 11. O-O Qe7 12. Qe2 Rac8 13. Rfd1 Ne4 14. Bb2 f5 15. Ne1 Rfd8 16. f3 Nef6 17. Rac1 Qf7 18. Bb1 Ba6 19. dxc5 dxc5 20. b5 Bb7 21. Nd3 Qe7 22. Rd2 e5 23. Nf2 e4 24. f4 Nf8 25. Rcd1 Ne6 26. Be5 Rxd2 27. Rxd2 Rd8 28. h3 Rxd2 29. Qxd2 Nd7 30. Bc3 Ndf8 31. Qe2 g6 32. Qd1 Kf7 33. a4 Qd8 34. Qe1 a5 35. Kh2 Qh4 36. g3 Qd8 37. g4 Qh4 38. gxf5 gxf5 39. Nxe4 Qe7 40. Ng3 Qd7 41. Bxf5 Ng6 42. Bxe6+ Qxe6 43. f5 Qxc4 44. fxg6+ hxg6 45. Qf2+ Ke8 46. Qf6 Qa2+ 47. Bb2 Qxa4 48. Qe6+ Kd8 49. Bf6+ Kc7 50. Be5+ Kd8 51. Qxb6+ 1-0

[Event "Leon Blitz op 34th"]
[White "Fernandez,Daniel Howard"]
[Black "Bachmann,Axel"]
[Site "Chess.com INT"]
[Round "11"]
[Annotator ""]
[Result "0-1"]
[Date "2021.07.07"]
[WhiteElo "2487"]
[BlackElo "2599"]
[PlyCount "64"]

1. Nf3 g6 2. g3 Bg7 3. Bg2 d5 4. O-O e5 5. d3 Ne7 6. c4 dxc4 7. Qa4+ Nbc6 8. Qxc4 Be6 9. Qa4 h6 10. Nc3 O-O 11. Be3 Nd4 12. Bxd4 exd4 13. Ne4 Bd5 14. Rac1 c6 15. Ned2 a5 16. a3 Re8 17. Rfe1 b6 18. Qc2 c5 19. Nh4 a4 20. Bxd5 Nxd5 21. Ng2 Qd7 22. e4 dxe3 23. fxe3 Rad8 24. Rcd1 h5 25. Nf3 Qb5 26. Rd2 Nf6 27. Qc4 Qxc4 28. dxc4 Rxd2 29. Nxd2 Ne4 30. Nxe4 Rxe4 31. b3 axb3 32. Rb1 b2 0-1

[Event "Leon Blitz op 34th"]
[White "Kadam,Om Manish"]
[Black "Bachmann,Axel"]
[Site "Chess.com INT"]
[Round "2"]
[Annotator ""]
[Result "0-1"]
[Date "2021.07.07"]
[WhiteElo "2114"]
[BlackElo "2599"]
[PlyCount "60"]

1. e4 g6 2. d4 Bg7 3. Nc3 d6 4. Be3 a6 5. Qd2 b5 6. a4 b4 7. Nd5 a5 8. Nf3 Bb7 9. Bc4 e6 10. Nf4 Bxe4 11. Qe2 d5 12. Bd3 Bxf3 13. Qxf3 Ne7 14. h4 Nbc6 15. Qg4 h5 16. Qd1 Qd6 17. Ne2 e5 18. dxe5 Nxe5 19. Nd4 O-O 20. Nb5 Qd7 21. Bc5 Rfe8 22. O-O Nxd3 23. Qxd3 Nf5 24. g3 Re4 25. Rad1 Rae8 26. Kg2 c6 27. Na7 Bd4 28. Bxd4 Nxd4 29. Qa6 Ra8 30. Qb6 Qxa7 0-1

[Event "Leon Blitz op 34th"]
[White "Lysyj,Igor"]
[Black "Bachmann,Axel"]
[Site "Chess.com INT"]
[Round "8"]
[Annotator ""]
[Result "1-0"]
[Date "2021.07.07"]
[WhiteElo "2605"]
[BlackElo "2599"]
[PlyCount "53"]

1. d4 Nf6 2. c4 e6 3. Nf3 c5 4. d5 exd5 5. cxd5 d6 6. Nc3 g6 7. h3 Bg7 8. e4 O-O 9. Be3 a6 10. a4 Re8 11. Bd3 Nbd7 12. O-O c4 13. Bc2 Qa5 14. Nd2 Qb4 15. Bd4 Nc5 16. Na2 Qb6 17. Nxc4 Qc7 18. e5 Nxd5 19. exd6 Qd8 20. Bxg7 Nf4 21. Be5 Nxh3+ 22. gxh3 Qh4 23. Qd4 Qxh3 24. f3 Rxe5 25. Qxe5 Be6 26. b3 Nd7 27. Qh2 1-0

[Event "Leon Blitz op 34th"]
[White "Yilmaz,Mustafa"]
[Black "Bachmann,Axel"]
[Site "Chess.com INT"]
[Round "5"]
[Annotator ""]
[Result "1-0"]
[Date "2021.07.07"]
[WhiteElo "2630"]
[BlackElo "2599"]
[PlyCount "69"]

1. Nf3 g6 2. e4 Bg7 3. d4 d6 4. Bd3 e5 5. dxe5 dxe5 6. O-O Qe7 7. b3 Nf6 8. Ba3 c5 9. c4 Nc6 10. Nc3 b6 11. Nd5 Qd8 12. h3 O-O 13. Re1 Re8 14. Bc1 h6 15. Bb2 Nd4 16. Nxd4 exd4 17. f4 Bb7 18. Qf3 a6 19. a4 b5 20. Nxf6+ Qxf6 21. cxb5 axb5 22. Bxb5 Re7 23. Rac1 Qb6 24. Ba3 Rc8 25. Qd3 h5 26. e5 h4 27. Rc2 g5 28. Rf2 gxf4 29. Rxf4 Bxe5 30. Rg4+ Kf8 31. Rf1 Qh6 32. Qf5 Bg3 33. Bc4 Qe3+ 34. Kh1 Qd2 35. Qxf7+ 1-0

[Event "Titled Tuesday intern op 08th June"]
[White "Bachmann,Axel"]
[Black "Gelman,Alexander"]
[Site "Chess.com INT"]
[Round "10"]
[Annotator ""]
[Result "1-0"]
[Date "2021.06.08"]
[WhiteElo "2599"]
[BlackElo "2403"]
[PlyCount "63"]

1. d4 c5 2. d5 d6 3. e4 Nd7 4. Nc3 a6 5. a4 h6 6. f4 g5 7. fxg5 Bg7 8. Nf3 hxg5 9. Bxg5 Ngf6 10. e5 dxe5 11. d6 Qb6 12. dxe7 Qxb2 13. Bd2 Qb6 14. Ng5 Kxe7 15. Bc4 Qc6 16. O-O Nb6 17. Qe2 Nxc4 18. Qxc4 Be6 19. Nxe6 Qxe6 20. Qxc5+ Qd6 21. Nd5+ Nxd5 22. Rxf7+ Ke6 23. Qxd6+ Kxd6 24. Rxg7 b5 25. Rd1 Rac8 26. Rg6+ Ke7 27. Rxa6 bxa4 28. Bg5+ Kf7 29. Rxd5 Rxc2 30. h4 Rb8 31. Rd7+ Ke8 32. Re7+ 1-0

[Event "Titled Tuesday intern op 08th June"]
[White "Bachmann,Axel"]
[Black "Lazavik,Denis"]
[Site "Chess.com INT"]
[Round "5"]
[Annotator ""]
[Result "1-0"]
[Date "2021.06.08"]
[WhiteElo "2599"]
[BlackElo "2440"]
[PlyCount "107"]

1. d4 Nf6 2. c4 e6 3. Nc3 Bb4 4. e3 O-O 5. Nge2 d5 6. a3 Be7 7. Nf4 c6 8. Bd3 dxc4 9. Bxc4 Nbd7 10. O-O e5 11. Nfe2 exd4 12. Nxd4 Ne5 13. Be2 Bd6 14. h3 Ng6 15. Qc2 Nh4 16. Nf3 Nxf3+ 17. Bxf3 Qe7 18. Ne4 Nxe4 19. Qxe4 Qxe4 20. Bxe4 Be5 21. Rb1 Rd8 22. b4 Be6 23. Bb2 Bxb2 24. Rxb2 Rd7 25. Rc1 Rad8 26. f4 h5 27. Bf3 h4 28. b5 cxb5 29. Rxb5 b6 30. a4 g6 31. e4 Rd4 32. a5 Bd7 33. Rg5 b5 34. f5 Kg7 35. fxg6 fxg6 36. Rc7 Kh6 37. Re5 Re8 38. Rxd7 Rxd7 39. Rxe8 Rd4 40. Ra8 Ra4 41. Rxa7 b4 42. Rb7 Rxa5 43. Rxb4 Kg5 44. Kf2 Kf4 45. e5+ Kxe5 46. Rxh4 Ra2+ 47. Kg3 Kf6 48. Re4 Kg7 49. Re2 Ra5 50. h4 Rf5 51. Re6 Ra5 52. Be4 Ra3+ 53. Kf4 Kf7 54. Rxg6 1-0

[Event "Titled Tuesday intern op 08th June"]
[White "Bachmann,Axel"]
[Black "Quparadze,Giga"]
[Site "Chess.com INT"]
[Round "6"]
[Annotator ""]
[Result "0-1"]
[Date "2021.06.08"]
[WhiteElo "2599"]
[BlackElo "2476"]
[PlyCount "114"]

1. d4 Nf6 2. c4 e6 3. Nc3 Bb4 4. e3 b6 5. Nge2 Bb7 6. a3 Bd6 7. d5 O-O 8. g3 exd5 9. Bg2 Nc6 10. cxd5 Ne5 11. O-O Re8 12. b3 h5 13. h3 h4 14. g4 Nfxg4 15. hxg4 h3 16. Bxh3 Qh4 17. Kg2 Nxg4 18. Nf4 Nf6 19. Qf3 Be5 20. Bb2 g5 21. Rh1 gxf4 22. Rag1 fxe3 23. fxe3 Bxc3 24. Kf1+ Kf8 25. Bxc3 Nxd5 26. Bg7+ Ke7 27. Be6 Ba6+ 28. Kg2 Qg5+ 29. Kf2 Qxe3+ 30. Qxe3 Nxe3 31. Bh3 Nd5 32. Rd1 Kd6 33. Bg2 Re2+ 34. Kg1 c6 35. Rh5 Rg8 36. Rg5 Ke7 37. Bxd5 cxd5 38. Bf6+ Kf8 39. Rdxd5 Rxg5+ 40. Rxg5 Re6 41. Rf5 Bd3 42. Rf4 d5 43. b4 Be4 44. Kf2 Ke8 45. Bd4 Bg6 46. Rf6 Re4 47. Be3 d4 48. Bg5 Re5 49. Bh4 Rh5 50. Kg3 Rd5 51. Rc6 Kd7 52. Rc1 d3 53. Bg5 Bh5 54. Bd2 Re5 55. Rc3 Be2 56. Kf4 Rh5 57. Rc4 Rh4+ 0-1

[Event "Titled Tuesday intern op 08th June"]
[White "Bachmann,Axel"]
[Black "Vignesh,NR."]
[Site "Chess.com INT"]
[Round "11"]
[Annotator ""]
[Result "1-0"]
[Date "2021.06.08"]
[WhiteElo "2599"]
[BlackElo "2428"]
[PlyCount "123"]

1. d4 Nf6 2. c4 e6 3. Nc3 Bb4 4. e3 O-O 5. Nge2 d5 6. a3 Bd6 7. Ng3 c6 8. Bd3 dxc4 9. Bxc4 b5 10. Bd3 Bb7 11. O-O Nbd7 12. Nge4 Be7 13. Bd2 c5 14. Nxf6+ Nxf6 15. Bxb5 cxd4 16. exd4 Qxd4 17. Be3 Qh4 18. h3 Rfd8 19. Qe2 Ne4 20. Nxe4 Qxe4 21. Qg4 Qxg4 22. hxg4 Bf6 23. Be2 Bd5 24. Rfb1 Be4 25. g5 Bxb1 26. gxf6 Be4 27. fxg7 Kxg7 28. b4 a6 29. Rc1 Rac8 30. Rxc8 Rxc8 31. Bxa6 Rc2 32. b5 Ra2 33. Bc5 Bd3 34. Bb4 f6 35. Bc8 e5 36. b6 Be4 37. b7 Bxb7 38. Bxb7 f5 39. Bd5 Ra1+ 40. Kh2 Kf6 41. f3 h5 42. Bc6 Kg5 43. a4 e4 44. fxe4 fxe4 45. Bd2+ Kf5 46. a5 Ra2 47. Bb4 e3 48. Kg3 Rb2 49. a6 Rxb4 50. a7 Rg4+ 51. Kf3 Rg8 52. Kxe3 h4 53. Kf3 Rg3+ 54. Kf2 Ra3 55. a8=Q Rxa8 56. Bxa8 Kg4 57. Bf3+ Kf4 58. Be2 Ke4 59. Kg1 Ke3 60. Bh5 Kf4 61. Kh2 Kg5 62. Bd1 1-0

[Event "Titled Tuesday intern op 08th June"]
[White "Bachmann,Axel"]
[Black "Vovk,Orest"]
[Site "Chess.com INT"]
[Round "3"]
[Annotator ""]
[Result "1-0"]
[Date "2021.06.08"]
[WhiteElo "2599"]
[BlackElo "2315"]
[PlyCount "55"]

1. d4 Nf6 2. c4 e6 3. Nc3 Bb4 4. e3 O-O 5. Nge2 d5 6. a3 Bxc3+ 7. Nxc3 b6 8. cxd5 exd5 9. b4 Ba6 10. b5 Bb7 11. a4 a6 12. Ba3 Re8 13. Bd3 axb5 14. axb5 Ne4 15. Qc2 Nd7 16. O-O Ndf6 17. Ne2 Qd7 18. h3 g5 19. Bb4 g4 20. Rxa8 Bxa8 21. hxg4 Nxg4 22. Nf4 Qf5 23. Qxc7 Qf6 24. Nh3 Qh4 25. Qf4 Qh5 26. f3 Nxe3 27. Qxe3 Nf6 28. Qf4 1-0

[Event "Titled Tuesday intern op 08th June"]
[White "Bellissimo,Joseph F"]
[Black "Bachmann,Axel"]
[Site "Chess.com INT"]
[Round "2"]
[Annotator ""]
[Result "0-1"]
[Date "2021.06.08"]
[WhiteElo "2203"]
[BlackElo "2599"]
[PlyCount "126"]

1. e4 Nc6 2. d4 e5 3. Nf3 exd4 4. Bc4 Bb4+ 5. c3 dxc3 6. bxc3 Ba5 7. Bg5 Nge7 8. O-O d6 9. Qb3 O-O 10. Nbd2 Bb6 11. Bd5 Qd7 12. Nc4 Nxd5 13. exd5 Na5 14. Nxa5 Bxa5 15. Rfe1 Bb6 16. Re7 Qf5 17. Rae1 Qg6 18. Be3 Bg4 19. Nd2 Bh3 20. g3 Rae8 21. Bxb6 Rxe7 22. Rxe7 axb6 23. c4 Qf6 24. Rxc7 Re8 25. Qd1 Qe5 26. Nf1 h5 27. f3 Qe1 28. Qxe1 Rxe1 29. Kf2 Rxf1+ 30. Ke3 Bg2 31. Rxb7 Rxf3+ 32. Ke2 Rf6 33. Rxb6 Bf1+ 34. Ke3 Bxc4 35. Kd4 Bxa2 36. Rb8+ Kh7 37. Rb2 Bxd5 38. Kxd5 Kg6 39. Re2 Kg5 40. Re4 Rf2 41. h4+ Kf5 42. Re3 Rd2+ 43. Kc6 Kg4 44. Kd7 d5 45. Ke7 d4 46. Re4+ Kxg3 47. Kxf7 d3 48. Kxg7 Rf2 49. Rd4 d2 50. Kg6 Kf3 51. Kxh5 Ke3 52. Rd8 Rf4 53. Kg5 Rd4 54. Re8+ Kd3 55. Re1 Rd5+ 56. Kg6 dxe1=Q 57. h5 Qe6+ 58. Kg7 Rxh5 59. Kf8 Rf5+ 60. Kg7 Rf7+ 61. Kh8 Qh6+ 62. Kg8 Qg6+ 63. Kh8 Rh7# 0-1

[Event "Titled Tuesday intern op 08th June"]
[White "Titus,Andrew L"]
[Black "Bachmann,Axel"]
[Site "Chess.com INT"]
[Round "9"]
[Annotator ""]
[Result "0-1"]
[Date "2021.06.08"]
[WhiteElo "2154"]
[BlackElo "2599"]
[PlyCount "91"]

1. e4 Nc6 2. d4 d6 3. Nf3 Nf6 4. Nc3 Bg4 5. Be2 e6 6. Be3 Be7 7. h3 Bh5 8. a3 O-O 9. Qd2 d5 10. e5 Ne4 11. Nxe4 dxe4 12. Nh2 Bxe2 13. Kxe2 f5 14. g3 Qd5 15. Kf1 Rad8 16. Rd1 Nxe5 17. dxe5 Qb5+ 18. Kg2 Rxd2 19. Rxd2 Qxb2 20. Rd7 Rf7 21. Rxc7 Bxa3 22. Bc1 Rxc7 23. Bxb2 Bxb2 24. Rd1 Bxe5 25. Nf1 a5 26. Ne3 a4 27. Rd8+ Kf7 28. Ra8 b5 29. c4 bxc4 30. Rxa4 c3 31. Ra2 Rd7 32. Rc2 Rd2 33. Rxd2 cxd2 34. Kf1 Bc3 35. Ke2 Kf6 36. Nc4 g5 37. Nb6 f4 38. gxf4 gxf4 39. Nd7+ Kf5 40. Nc5 Bb4 41. Nb3 e5 42. Kd1 f3 43. Na1 e3 44. fxe3 f2 45. Ke2 d1=Q+ 46. Kxf2 0-1

[Event "FIDE World Cup American Qual Final"]
[White "Bachmann,Axel"]
[Black "Henriquez Villagra,Cristobal"]
[Site "Tornelo INT"]
[Round "7"]
[Annotator ""]
[Result "1-0"]
[Date "2021.05.30"]
[WhiteElo "2599"]
[BlackElo "2600"]
[PlyCount "103"]

1. c4 Nf6 2. Nc3 g6 3. g3 Bg7 4. Bg2 O-O 5. e3 c6 6. Nge2 d5 7. cxd5 cxd5 8. d4 Nc6 9. O-O Bf5 10. Nf4 e6 11. b3 g5 12. Nd3 g4 13. Ba3 Re8 14. Rc1 Rc8 15. Nc5 Qc7 16. Qe2 Red8 17. Rfd1 b6 18. Nb5 Qe7 19. Ne4 Qd7 20. Nxf6+ Bxf6 21. Nd6 Be7 22. Nxf5 exf5 23. Bb2 Bg5 24. Qb5 Qe6 25. Ba3 Kg7 26. Qa4 a5 27. Qb5 Ne7 28. Bxe7 Rxc1 29. Rxc1 Bxe7 30. Rc6 Rd6 31. Rxd6 Qxd6 32. Bxd5 Qf6 33. Bc4 Kg6 34. Qe8 Kg7 35. Bd3 Qe6 36. Qb5 Kg6 37. h3 h5 38. hxg4 hxg4 39. Bc4 Qf6 40. Qe8 Kg7 41. Bd3 Bb4 42. Qd7 Kg6 43. e4 Kg5 44. e5 Qe6 45. Qd8+ Kg6 46. Qg8+ Kh6 47. Bc4 Qg6 48. Qh8+ Qh7 49. Qd8 Qg6 50. d5 f4 51. Qh8+ Qh7 52. Qf6+ 1-0

[Event "FIDE World Cup American Qual Final"]
[White "Bachmann,Axel"]
[Black "Krysa,Leandro Sergio"]
[Site "Tornelo INT"]
[Round "1"]
[Annotator ""]
[Result "1-0"]
[Date "2021.05.30"]
[WhiteElo "2599"]
[BlackElo "2527"]
[PlyCount "115"]

1. c4 e6 2. Nf3 d5 3. e3 Nf6 4. b3 c5 5. Bb2 Nc6 6. cxd5 exd5 7. Bb5 Bd6 8. O-O O-O 9. d4 cxd4 10. Nxd4 Bc7 11. Nd2 Nxd4 12. Bxd4 Qd6 13. g3 a6 14. Bd3 h6 15. Rc1 Bb6 16. Nf3 Bg4 17. Be2 Rac8 18. Bxb6 Qxb6 19. Qd4 Qa5 20. a4 Ne4 21. Rxc8 Rxc8 22. Kg2 Bxf3+ 23. Bxf3 Nd2 24. Rd1 Nxf3 25. Kxf3 Rd8 26. Rc1 b5 27. Rc5 Qe1 28. Kg2 bxa4 29. bxa4 a5 30. Rxd5 Rxd5 31. Qxd5 g6 32. e4 h5 33. e5 Kg7 34. Qd4 Kg8 35. Qd8+ Kg7 36. Qf6+ Kg8 37. Qf4 Kg7 38. h3 Kg8 39. Qd4 Kf8 40. h4 Kg8 41. Kf3 Kf8 42. Kf4 Qc1+ 43. Ke4 Qc2+ 44. Kd5 Kg8 45. Kd6 Qc8 46. Qd5 Qb8+ 47. Kc6 Qe8+ 48. Kb6 Qxa4 49. Qxa5 Qb3+ 50. Qb5 Qf3 51. Qc5 Kg7 52. Kc7 Qf5 53. Kd8 Qe6 54. Qd6 Qf5 55. Ke7 Qxf2 56. Qf6+ Qxf6+ 57. exf6+ Kg8 58. Ke8 1-0